| 000 | 00392nam a2200121Ia 4500 | ||
|---|---|---|---|
| 008 | 160609s9999 xx 000 0 und d | ||
| 100 | _aHarnish, Kate Fitzpatrick. | ||
| 245 | _aUrban Music Education: A Practical Guide For Teachers | ||
| 245 | _cBy:Kate Fitzpatrick-Harnish | ||
| 260 | _c2015 | ||
| 650 | _xMUSIC EDUCATION | ||
| 856 | _uhttp://file.ebook777.com/006/UrbMusEduAPraGuiForTea.pdf | ||
| 999 |
_c295936 _d295936 |
||